00710nam a2200169Ia 450000500170000000800410001702000180005808200130007624500480008926000380013730000170017550002150019270000170040794200060042495200950043099900150052520240731013334.0240331s9999 xx 000 0 und d a9789556591682 bKAIa294 0aEarly historic Tamilnadu :b c300BCE-300 CE aChennaibKumaran book Housec2009 axv, 201 p ., aThis Collection of essays on the Early Historic period ( so called Sangam Age) of Tamil Nadu is published to commemorate the twenty fifth death anniversary of the well known Tamil scholar prof. K. Kailasapathy. aIndrapala K. cL 001040708LaWERCLbWERCLcSSCd2024-03-31l0o 294 KAIp6536r2024-03-31w2024-03-31yL c4462d4462